| 000 | 00599nam a2200217Ia 4500 | ||
|---|---|---|---|
| 005 | 20231211095700.0 | ||
| 008 | 131103s9999 xx 000 0 und d | ||
| 020 |
_a198119232 _cGBP 3.50 net |
||
| 040 | _aLoreto College | ||
| 041 | _aEnglish | ||
| 082 |
_a425 _bWRI |
||
| 100 | _aWright,Joseph | ||
| 245 |
_aOld English Grammar, _cJoseph Wright and Elizabeth Mary Wright |
||
| 250 | _a3rd ed. | ||
| 260 |
_aLondon _bOxford University Press _c1925 |
||
| 300 | _axv,372 p. | ||
| 504 | _aIncludes index | ||
| 650 | _aCommunicative English - English Grammar | ||
| 850 | _aLCLIB | ||
| 942 | _cBK | ||
| 999 |
_c6901 _d57380 |
||